000 00671nam a2200193Ia 4500
003 GCL
008 140319s9999 xx 000 0 ara d
040 _aGCL /
_cGCL
082 0 4 _a091.1
_bم ف
100 1 _aالمكتبة المركزية للدولة
245 1 0 _aفهرس مخطوطات المكتبة المركزية للدولة /
_cالمكتبة المركزية للدولة
260 _a[S.N] :
_bالمجلس الوطنى للثقافة والفنون والاداب ،
_c1987
300 _a167 ص
490 _a
650 0 4 _aالكويت
650 0 4 _aالمخطوطات العربية
650 0 4 _aالببليوجرافيات
942 _2ddc
_cBK
999 _c36228
_d36228